Confessions of a gym-class dropout / (Record no. 3747)

MARC details
000 -LEADER
fixed length control field 00941nam a22002777a 4500
001 - CONTROL NUMBER
control field 3747
003 - CONTROL NUMBER IDENTIFIER
control field FISKH
005 - DATE AND TIME OF LATEST TRANSACTION
control field 20250303104248.0
008 - FIXED-LENGTH DATA ELEMENTS--GENERAL INFORMATION
fixed length control field 240429b cb ||||| |||| 00| 0 eng d
020 ## - INTERNATIONAL STANDARD BOOK NUMBER
International Standard Book Number 9780545342346
040 ## - CATALOGING SOURCE
Original cataloging agency FISKH
Language of cataloging eng
Transcribing agency FISKH
Modifying agency FISKH
050 ## - LIBRARY OF CONGRESS CALL NUMBER
Classification number 822
082 ## - DEWEY DECIMAL CLASSIFICATION NUMBER
Classification number Fic
100 ## - MAIN ENTRY--PERSONAL NAME
Personal name Ranberg, Chuck
Relator term author
245 ## - TITLE STATEMENT
Title Confessions of a gym-class dropout /
Statement of responsibility, etc. by Chuck Ranberg and Patric Daley
260 ## - PUBLICATION, DISTRIBUTION, ETC.
Place of publication, distribution, etc. New York :
Name of publisher, distributor, etc. Scholastic ;
Date of publication, distribution, etc. 1992
300 ## - PHYSICAL DESCRIPTION
Extent 38 pages :
Other physical details illustrations ;
Dimensions 20 cm.
505 ## - FORMATTED CONTENTS NOTE
Formatted contents note H <br/>
520 ## - SUMMARY, ETC.
Summary, etc. Travis is sick of the gym teacher making fun of him and decides to get in shape by working out. He soon realizes that there is more to getting in shape than joining a gym.
521 8# - TARGET AUDIENCE NOTE
Target audience note 440 <br/>
Source Lexile <br/>
521 8# - TARGET AUDIENCE NOTE
Target audience note H <br/>
Source Raz-Plus <br/>
650 ## - SUBJECT ADDED ENTRY--TOPICAL TERM
Topical term or geographic name entry element African American
Form subdivision realistic fiction
700 ## - ADDED ENTRY--PERSONAL NAME
Personal name Daley, Patrick
Relator term illustrator
942 ## - ADDED ENTRY ELEMENTS (KOHA)
Source of classification or shelving scheme Dewey Decimal Classification
Koha item type Books
Suppress in OPAC No
Holdings
Withdrawn status Lost status Source of classification or shelving scheme Damaged status Not for loan Collection Home library Current library Shelving location Date acquired Total Checkouts Full call number Barcode Date last seen Date last checked out Price effective from Koha item type Copy number
    Dewey Decimal Classification     Juvenile Fiction Footprints International School Library Network Toul Kork Campus Footprints International School Library Network Toul Kork Campus TTP Primary Dark Blue Bookshelves 04/29/2024 1 RAN 822 2024-0546 05/08/2025 05/07/2025 04/29/2024 Books  
    Dewey Decimal Classification     Juvenile Fiction Footprints International School Library Network Toul Kork Campus Footprints International School Library Network Toul Kork Campus TTP Primary Dark Blue Bookshelves 03/03/2025   RAN 822 2025-0715 03/03/2025   03/03/2025 Books 2